| 000 | 01229nam a2200337 4500 | ||
|---|---|---|---|
| 001 | 0000019005 | ||
| 003 | CO-CtgCURN | ||
| 005 | 20260409185323.0 | ||
| 007 | ta | ||
| 008 | 160627s1995 000 0 eng d | ||
| 020 | _a8481744859 | ||
| 040 |
_aCO-CtgCURN _bspa _ccoctgcurn |
||
| 082 | 0 |
_a616.15 _bS11h |
|
| 100 | 1 | _aSans Sabrafen, J. | |
| 245 | 1 | 0 |
_aHematología clinica / _cJ. Sans Sabrafen , C. Besses Raebel, J.L. vives Corrons. |
| 250 | _a4a ed. | ||
| 260 |
_aMadrid : _bHarcourt, _c1995. |
||
| 300 | _a790 p. | ||
| 336 | _2rdacontent | ||
| 337 |
_2rdamedia _asin mediacion _bn |
||
| 338 |
_2rdacarrier _avolumen _bnc |
||
| 500 | _aIncluye indice de materias. | ||
| 505 | 8 | _aHematopoyesis.--Anemia ferropenica.--Anemias hemolíticas.--Defectos congenitos de la hemoglobina.--Enfermedad de Hodgkin.--Mieloma multiple.--Terapeutica antitrombotica | |
| 590 | _aElectiva V: Interpretación de pruebas Hematológicas (Odontología) | ||
| 590 | _aHematología especial (Bacteriología) | ||
| 650 | 1 | 4 |
_aHematología _xInvestigaciones _zChile. |
| 700 | 1 | _aBesses Raebel, C. | |
| 908 | _a160627 | ||
| 942 |
_cBK _h616.15 _iS11h _2ddc |
||
| 999 |
_c22336 _d22336 |
||